000 00973nam a22002537a 4500
005 20240530110904.0
008 220209s2009 ua a b 000 0 ara d
017 _bمصر. دار الكتب
_a2008/20830
020 _a9789776276468
040 _aEG-CaGPL
_cEG-CaGPL
082 0 4 _221
_a324\
_bهـ ص
100 0 _aهناء فاروق صالح
245 1 0 _aصورة الامم المتحدة وجامعة الدول العربية لدى الراى العام المصرى /
_cهناء فاروق صالح
250 _aط.1
260 _aالقاهرة :
_bدار العالم العربى،
_c2009
300 _a335 ص؛
_c24 سم
504 _aيشتمل على ارجاعات ببليوجرافية
650 0 7 _2qrmak
_aالامم المتحدة
650 0 7 _aجامعة الدول العربية
_2qrmak
650 0 7 _aالراى العام
_zمصر
_2qrmak
651 _2qrmak
942 _2ddc
_cBK
999 _c66189
_d66189